[Event "28. Klatovy A 2022"]
[Site "Klatovy"]
[Date "2022.07.02"]
[Round "1.1"]
[White "Bartonicek, Zdenek"]
[Black "Straka, Vojtech"]
[Result "0-1"]
[WhiteElo "1976"]
[BlackElo "2421"]
[PlyCount "72"]
[EventDate "2022.07.02"]
[EventType "swiss"]
[EventRounds "9"]
[EventCountry "CZE"]

1. e4 c5 2. Nc3 g6 3. f4 Bg7 4. Nf3 Nc6 5. Bb5 Nd4 6. O-O a6 7. Bc4 e6 8. a4 Ne7 9. d3 O-O 10. Ba2 d5 11. e5 Nec6 12. Ne2 Nxf3+ 13. Rxf3 f6 14. exf6 Qxf6 15. c3 d4 16. Bd2 Kh8 17. Ng3 dxc3 18. bxc3 Bd7 19. Ne4 Qe7 20. Be3 b6 21. Rb1 Rab8 22. Qe1 e5 23. Qg3 Bf5 24. Bd5 Qd7 25. Bc4 Na5 26. Bxa6 c4 27. Ng5 Bxd3 28. Rd1 Qxa4 29. Rxd3 cxd3 30. Bxd3 Qd1+ 31. Bf1 Nc4 32. Qh4 h6 33. Ne6 Nxe3 34. Nxg7 Nxf1 35. Qxh6+ Kg8 36. Rxf1 Qd7 0-1

[Event "28. Klatovy A 2022"]
[Site "Klatovy"]
[Date "2022.07.02"]
[Round "1.2"]
[White "Slovak, Kilian"]
[Black "Chalus, Karel"]
[Result "1-0"]
[WhiteElo "2321"]
[BlackElo "1975"]
[PlyCount "95"]
[EventDate "2022.07.02"]
[EventType "swiss"]
[EventRounds "9"]
[EventCountry "CZE"]

1. e4 e5 2. Nf3 Nf6 3. Nxe5 d6 4. Nf3 Nxe4 5. Nc3 Nf6 6. d4 Be7 7. Bg5 O-O 8. Bd3 c5 9. Qe2 Bg4 10. dxc5 d5 11. O-O-O Nbd7 12. h3 Be6 13. Nd4 Nxc5 14. Nxe6 fxe6 15. Kb1 Rc8 16. Rhe1 a6 17. Be3 Nfd7 18. Bd4 Bf6 19. Qe3 Bxd4 20. Qxd4 Qf6 21. Qxf6 Rxf6 22. f3 Nxd3 23. Rxd3 Rc4 24. Ne2 g5 25. c3 Ne5 26. Re3 Ng6 27. Nd4 e5 28. Nc2 h6 29. Rd1 e4 30. Rxd5 exf3 31. gxf3 Rh4 32. Nd4 Rxh3 33. Nf5 Nf4 34. Rd8+ Rf8 35. Ne7+ Kf7 36. Rd7 Kf6 37. Rxb7 g4 38. Rb4 Kg7 39. Ree4 Rxf3 40. Rb7 Rf7 41. Nf5+ Kg6 42. Nh4+ Kh5 43. Rxf7 Kxh4 44. Rfxf4 Rxf4 45. Rxf4 Kg3 46. Rf5 Kh4 47. c4 g3 48. Re5 1-0

[Event "28. Klatovy A 2022"]
[Site "Klatovy"]
[Date "2022.07.02"]
[Round "1.3"]
[White "Novotny, David"]
[Black "Hurdzan, Tomas"]
[Result "0-1"]
[WhiteElo "1958"]
[BlackElo "2317"]
[PlyCount "82"]
[EventDate "2022.07.02"]
[EventType "swiss"]
[EventRounds "9"]
[EventCountry "CZE"]

1. e4 c5 2. Nf3 d6 3. d4 cxd4 4. Nxd4 Nf6 5. Nc3 Nc6 6. Bg5 e6 7. Bb5 Bd7 8. Qd3 Be7 9. O-O-O O-O 10. Bxc6 bxc6 11. Nb3 a5 12. e5 Nd5 13. Bxe7 Qxe7 14. exd6 Qxd6 15. Ne4 Qf4+ 16. Kb1 e5 17. g3 Qf5 18. Nbc5 Bc8 19. c4 Nf6 20. Nxf6+ Qxf6 21. Nd7 Bxd7 22. Qxd7 Rab8 23. Qd2 Rb4 24. Qe2 Rfb8 25. Rd2 e4 26. Rc1 Qe5 27. Rcc2 a4 28. Qd1 Qf6 29. Qg4 Qe5 30. Qd7 g6 31. Qxc6 a3 32. b3 e3 33. fxe3 Qxe3 34. Qh1 Rxc4 35. Rxc4 Qxd2 36. Rc2 Qd3 37. Qc6 Rd8 38. Qc5 Qe4 39. Qg1 Rd2 40. Qc1 Rxh2 41. g4 Rh1 0-1

[Event "28. Klatovy A 2022"]
[Site "Klatovy"]
[Date "2022.07.02"]
[Round "1.4"]
[White "Hausner, Ivan"]
[Black "Pick, Stepan"]
[Result "1-0"]
[WhiteElo "2290"]
[BlackElo "1952"]
[PlyCount "99"]
[EventDate "2022.07.02"]
[EventType "swiss"]
[EventRounds "9"]
[EventCountry "CZE"]

1. e4 e6 2. d4 d5 3. Nd2 c5 4. Ngf3 Nc6 5. Bb5 a6 6. exd5 axb5 7. dxc6 bxc6 8. Ne4 cxd4 9. O-O Be7 10. Nxd4 Ra4 11. c3 e5 12. b3 Ra6 13. Nf3 Qxd1 14. Rxd1 Bg4 15. Re1 Bxf3 16. gxf3 Nf6 17. Nxf6+ Bxf6 18. f4 e4 19. Rxe4+ Kd7 20. Bb2 Rd8 21. Rd1+ Kc8 22. Rxd8+ Kxd8 23. a3 Ra7 24. Kf1 Be7 25. b4 Bf6 26. Ke2 Rd7 27. Re3 Rd5 28. c4 bxc4 29. Bxf6+ gxf6 30. Rc3 Rh5 31. Rxc4 Kd7 32. Rc5 Rxh2 33. Ra5 Rh3 34. Ra7+ Ke6 35. f3 Rh2+ 36. Kd3 Ra2 37. Ke4 f5+ 38. Kd4 h5 39. Ra6 Kd7 40. Ke5 h4 41. Ra7+ Ke8 42. Kxf5 h3 43. Ra8+ Ke7 44. Ra7+ Ke8 45. Kf6 h2 46. Ra8+ Kd7 47. Rh8 Rxa3 48. Rxh2 Rb3 49. Rd2+ Kc7 50. Rd4 1-0

[Event "28. Klatovy A 2022"]
[Site "Klatovy"]
[Date "2022.07.02"]
[Round "1.5"]
[White "Richter, Martin1"]
[Black "Eret, Matous"]
[Result "1/2-1/2"]
[WhiteElo "1929"]
[BlackElo "2273"]
[PlyCount "105"]
[EventDate "2022.07.02"]
[EventType "swiss"]
[EventRounds "9"]
[EventCountry "CZE"]

1. e4 c5 2. Nc3 a6 3. g3 g6 4. Bg2 Bg7 5. d3 Nc6 6. f4 d6 7. Nf3 e6 8. Be3 Nge7 9. O-O Nd4 10. Rb1 O-O 11. Ne2 Nxf3+ 12. Bxf3 Qa5 13. a3 d5 14. b4 cxb4 15. axb4 Qc7 16. e5 f6 17. exf6 Bxf6 18. Nd4 Bd7 19. Qd2 Nf5 20. Nxf5 gxf5 21. Qf2 Rac8 22. Rfc1 Bc3 23. Bc5 Rf7 24. Rb3 Bf6 25. Bd4 Ba4 26. Ra3 Bb5 27. Bxf6 Rxf6 28. Qd4 Rg6 29. c4 dxc4 30. dxc4 Bc6 31. Bxc6 Qxc6 32. Rd3 h5 33. Qd7 Rg7 34. Qxc6 Rxc6 35. c5 h4 36. Kf2 hxg3+ 37. hxg3 Rc8 38. Rcd1 Re7 39. Rd8+ Rxd8 40. Rxd8+ Kf7 41. Ke3 e5 42. fxe5 Rxe5+ 43. Kf4 Re4+ 44. Kxf5 Rxb4 45. Rd7+ Ke8 46. Rh7 a5 47. Ke6 Kf8 48. Kd6 a4 49. Rh8+ Kg7 50. Ra8 Kf6 51. Kc7 Ke7 52. c6 bxc6 53. Kxc6 1/2-1/2

[Event "28. Klatovy A 2022"]
[Site "Klatovy"]
[Date "2022.07.02"]
[Round "1.6"]
[White "Vorisek, Jaroslav"]
[Black "Novotny, Jaroslav2"]
[Result "1-0"]
[WhiteElo "2270"]
[BlackElo "1911"]
[PlyCount "111"]
[EventDate "2022.07.02"]
[EventType "swiss"]
[EventRounds "9"]
[EventCountry "CZE"]

1. d4 Nf6 2. Nf3 e6 3. c4 d5 4. g3 c6 5. Bg2 Bd6 6. b3 Nbd7 7. Bb2 O-O 8. O-O b6 9. Nc3 Bb7 10. Nd2 Rc8 11. e4 dxe4 12. Ndxe4 Nxe4 13. Nxe4 Be7 14. Qe2 Nf6 15. Rad1 Nxe4 16. Bxe4 Bf6 17. Rd2 Qe7 18. Qf3 Rfd8 19. Rfd1 h6 20. h4 Rc7 21. h5 Bg5 22. Re2 Qf8 23. Bb1 Kh8 24. Qd3 Qg8 25. f4 Bf6 26. Qe3 c5 27. Red2 Rcd7 28. Kf2 cxd4 29. Bxd4 Bxd4 30. Rxd4 Rxd4 31. Rxd4 Rxd4 32. Qxd4 Qe8 33. g4 Kg8 34. Ke3 Qe7 35. Be4 Bxe4 36. Qxe4 f6 37. Kd3 Kf7 38. Kc3 Qc7 39. b4 Qd7 40. g5 hxg5 41. fxg5 fxg5 42. Qg6+ Kf8 43. Qxg5 Qe7 44. Qxe7+ Kxe7 45. Kd4 Kd6 46. c5+ bxc5+ 47. bxc5+ Ke7 48. Ke5 a5 49. c6 a4 50. a3 Kd8 51. Kxe6 Kc7 52. Kd5 Kc8 53. Kd6 Kd8 54. c7+ Kc8 55. Kc6 g6 56. h6 1-0

[Event "28. Klatovy A 2022"]
[Site "Klatovy"]
[Date "2022.07.02"]
[Round "1.7"]
[White "Mach, Ondrej"]
[Black "Kopta, Pavel"]
[Result "1-0"]
[WhiteElo "1910"]
[BlackElo "2234"]
[PlyCount "49"]
[EventDate "2022.07.02"]
[EventType "swiss"]
[EventRounds "9"]
[EventCountry "CZE"]

1. d4 Nf6 2. c4 e6 3. Nf3 c5 4. d5 exd5 5. cxd5 d6 6. Nc3 g6 7. Bf4 a6 8. e4 Bg7 9. a4 O-O 10. Bd3 Re8 11. O-O Nh5 12. Bg5 Qb6 13. Qc1 Nd7 14. Nd2 Ne5 15. Be2 f5 16. a5 Qc7 17. Bxh5 gxh5 18. exf5 Bxf5 19. Nde4 Rf8 20. Bh6 Rae8 21. Qg5 Bg6 22. Bxg7 Kxg7 23. f4 h6 24. Qg3 Ng4 25. f5 1-0

[Event "28. Klatovy A 2022"]
[Site "Klatovy"]
[Date "2022.07.02"]
[Round "1.8"]
[White "Formanek, Martin"]
[Black "Roubal, Matyas"]
[Result "1-0"]
[WhiteElo "2233"]
[BlackElo "1909"]
[PlyCount "61"]
[EventDate "2022.07.02"]
[EventType "swiss"]
[EventRounds "9"]
[EventCountry "CZE"]

1. e4 c5 2. Nc3 Nc6 3. f4 g6 4. Nf3 Bg7 5. Bb5 e6 6. Bxc6 bxc6 7. e5 d5 8. exd6 Qxd6 9. Ne4 Qe7 10. Qe2 Nf6 11. O-O O-O 12. Nf2 Nd5 13. d3 Rb8 14. c4 Nc7 15. Rb1 Rd8 16. b3 Na6 17. Ne5 Bb7 18. Bb2 f6 19. Nf3 Qd6 20. g3 Rd7 21. Rbd1 Rbd8 22. Bc3 Nc7 23. Rfe1 Kf7 24. Qb2 Ne8 25. Re3 Nc7 26. Rde1 Re8 27. Ng5+ fxg5 28. Bxg7 gxf4 29. Ng4 Rc8 30. Be5 Qf8 31. Rf1 1-0

[Event "28. Klatovy A 2022"]
[Site "Klatovy"]
[Date "2022.07.02"]
[Round "1.9"]
[White "Novak, Vaclav2"]
[Black "Jurek, Josef"]
[Result "0-1"]
[WhiteElo "1904"]
[BlackElo "2200"]
[PlyCount "68"]
[EventDate "2022.07.02"]
[EventType "swiss"]
[EventRounds "9"]
[EventCountry "CZE"]

1. e4 c5 2. Nf3 e6 3. c4 Nc6 4. Nc3 Nf6 5. Be2 d5 6. d3 d4 7. Nb1 e5 8. O-O h6 9. h3 Bd6 10. Nh2 a6 11. f4 exf4 12. Bxf4 Bxf4 13. Rxf4 Qd6 14. Rf2 Ne5 15. Nd2 O-O 16. Ndf3 Ng6 17. Qd2 Be6 18. Raf1 Nd7 19. Ne1 b5 20. b3 Rab8 21. Bg4 bxc4 22. bxc4 Rb1 23. Bxe6 Qxe6 24. Nef3 Rfb8 25. Rxb1 Rxb1+ 26. Ne1 Nde5 27. Nhf3 Nxf3+ 28. Rxf3 Ne5 29. Rf1 Qg6 30. Kh2 Qg5 31. Qf2 f6 32. Kg1 Qe3 33. Nc2 Qxf2+ 34. Kxf2 Rb2 0-1

[Event "28. Klatovy A 2022"]
[Site "Klatovy"]
[Date "2022.07.02"]
[Round "1.10"]
[White "Dvorak, Jan"]
[Black "Cecil, Pavel"]
[Result "1-0"]
[WhiteElo "2194"]
[BlackElo "1898"]
[PlyCount "49"]
[EventDate "2022.07.02"]
[EventType "swiss"]
[EventRounds "9"]
[EventCountry "CZE"]

1. d4 d5 2. c4 c6 3. Nf3 Nf6 4. e3 e6 5. Nbd2 Be7 6. Bd3 Nbd7 7. O-O O-O 8. Qe2 Re8 9. e4 dxe4 10. Nxe4 Nxe4 11. Qxe4 Nf8 12. Rd1 Bd7 13. Bf4 b6 14. Ne5 Rc8 15. Bc2 Bf6 16. Ng4 Qe7 17. Rd3 e5 18. Nxe5 Bxe5 19. dxe5 g6 20. Rg3 f6 21. Re1 Kf7 22. Qf3 c5 23. h4 f5 24. Bg5 Qe6 25. Be4 1-0

[Event "28. Klatovy A 2022"]
[Site "Klatovy"]
[Date "2022.07.02"]
[Round "1.11"]
[White "Mametev, Artem"]
[Black "Flajsman, Pavel"]
[Result "0-1"]
[WhiteElo "1888"]
[BlackElo "2177"]
[PlyCount "84"]
[EventDate "2022.07.02"]
[EventType "swiss"]
[EventRounds "9"]
[EventCountry "CZE"]

1. e4 e5 2. Nf3 Nc6 3. Bb5 a6 4. Ba4 Nge7 5. O-O g6 6. c3 Bg7 7. d4 exd4 8. cxd4 b5 9. Bc2 O-O 10. Re1 d6 11. h3 h6 12. Nc3 Rb8 13. Ne2 Na5 14. Bf4 Nc4 15. Qc1 Kh7 16. b3 Nb6 17. Qd2 f5 18. Ng3 fxe4 19. Rxe4 Nf5 20. Rae1 Nd5 21. Nf1 Nxf4 22. Rxf4 c5 23. g4 Nxd4 24. Bxg6+ Kxg6 25. Qd3+ Bf5 26. gxf5+ Kf7 27. Nxd4 Bxd4 28. Ng3 Re8 29. Rfe4 Qg5 30. Rxe8 Rxe8 31. Rxe8 Kxe8 32. Qf3 Be5 33. Qc6+ Kf7 34. Qd5+ Kf8 35. Kg2 h5 36. Qa8+ Kg7 37. h4 Qg4 38. Qe8 Bxg3 39. Qe7+ Kh6 40. Qe6+ Kh7 41. fxg3 c4 42. f6 Qxe6 0-1

[Event "28. Klatovy A 2022"]
[Site "Klatovy"]
[Date "2022.07.02"]
[Round "1.12"]
[White "Janous, Marek"]
[Black "Langmajer, Jan"]
[Result "1-0"]
[WhiteElo "2175"]
[BlackElo "1869"]
[PlyCount "73"]
[EventDate "2022.07.02"]
[EventType "swiss"]
[EventRounds "9"]
[EventCountry "CZE"]

1. e4 e5 2. Nf3 Nc6 3. d4 exd4 4. Nxd4 Nf6 5. Nxc6 bxc6 6. e5 Qe7 7. Qe2 Nd5 8. h4 Rb8 9. g3 g6 10. c4 Nb6 11. h5 Bg7 12. f4 Rg8 13. hxg6 hxg6 14. b3 Ba6 15. Ba3 Qe6 16. Nc3 f5 17. Bg2 Kf7 18. O-O-O Rh8 19. Qd2 Rxh1 20. Bxh1 Rd8 21. c5 Na8 22. Nd5 Bb7 23. Ne3 Bh6 24. Bf3 Bc8 25. Rh1 Kg7 26. Qh2 Rh8 27. g4 fxg4 28. Nxg4 g5 29. Nxh6 Rxh6 30. Qxh6+ Qxh6 31. Rxh6 Kxh6 32. f5 g4 33. Bxg4 d6 34. e6 Kg5 35. Bh3 dxc5 36. Bxc5 Nb6 37. Be7+ 1-0

[Event "28. Klatovy A 2022"]
[Site "Klatovy"]
[Date "2022.07.02"]
[Round "1.13"]
[White "Pecka, Jan"]
[Black "Simet, Martin"]
[Result "0-1"]
[WhiteElo "1863"]
[BlackElo "2155"]
[PlyCount "68"]
[EventDate "2022.07.02"]
[EventType "swiss"]
[EventRounds "9"]
[EventCountry "CZE"]

1. e4 c5 2. Nf3 d6 3. Bb5+ Nd7 4. O-O g6 5. Re1 Bg7 6. c3 a6 7. Bf1 Qc7 8. d4 b6 9. Bf4 e5 10. Be3 Ngf6 11. Nbd2 O-O 12. dxe5 dxe5 13. Qc2 Bb7 14. Rad1 h6 15. h3 Rad8 16. Bd3 Rfe8 17. Nf1 c4 18. Be2 Nxe4 19. N1d2 Nxd2 20. Rxd2 b5 21. Red1 Nf8 22. Nh2 f5 23. Bf3 Rxd2 24. Qxd2 e4 25. Be2 Be5 26. Nf1 f4 27. Bd4 f3 28. gxf3 exf3 29. Bxf3 Bxf3 30. Re1 Bf4 31. Rxe8 Bxd2 32. Nxd2 Bc6 33. Re3 Kf7 34. Nf1 Ne6 0-1

[Event "28. Klatovy A 2022"]
[Site "Klatovy"]
[Date "2022.07.02"]
[Round "1.14"]
[White "Skypala, Ondrej"]
[Black "Krauskopfova, Lenka 1996"]
[Result "1-0"]
[WhiteElo "2142"]
[BlackElo "1839"]
[PlyCount "87"]
[EventDate "2022.07.02"]
[EventType "swiss"]
[EventRounds "9"]
[EventCountry "CZE"]

1. e4 c5 2. c4 Nc6 3. Nc3 g6 4. g3 Bg7 5. Bg2 d6 6. d3 e6 7. Nge2 Nge7 8. O-O O-O 9. Be3 Nd4 10. Rb1 Nec6 11. a3 Rb8 12. b4 Nxe2+ 13. Nxe2 Nd4 14. Nxd4 cxd4 15. Bd2 b6 16. f4 Bb7 17. Qa4 a6 18. Rfc1 Qe7 19. c5 dxc5 20. bxc5 b5 21. Qc2 Bc6 22. e5 Qb7 23. Be1 Rfd8 24. Bxc6 Qxc6 25. Bf2 Rd5 26. Qb2 Rbd8 27. a4 Rxc5 28. Rxc5 Qxc5 29. axb5 axb5 30. Qxb5 Bf8 31. Qxc5 Bxc5 32. Rc1 Bb4 33. Rc4 Bc3 34. Kg2 Kf8 35. Kf3 Ke7 36. g4 h5 37. Bh4+ Kd7 38. Bxd8 hxg4+ 39. Kxg4 Kxd8 40. Ra4 Ke7 41. Kg5 Ke8 42. Ra8+ Ke7 43. Ra7+ Ke8 44. Kf6 1-0

[Event "28. Klatovy A 2022"]
[Site "Klatovy"]
[Date "2022.07.02"]
[Round "1.15"]
[White "Danko, Jiri"]
[Black "Jun, Rudolf Jr"]
[Result "0-1"]
[WhiteElo "1837"]
[BlackElo "2134"]
[PlyCount "58"]
[EventDate "2022.07.02"]
[EventType "swiss"]
[EventRounds "9"]
[EventCountry "CZE"]

1. e4 c5 2. Nf3 Nc6 3. b4 Nxb4 4. c3 Nc6 5. d4 d5 6. dxc5 dxe4 7. Qxd8+ Kxd8 8. Ng5 Ke8 9. Nxe4 f5 10. Ned2 e5 11. Nb3 Be6 12. N1d2 Nf6 13. Bb5 a5 14. Nf3 Nd7 15. Ba3 a4 16. Nbd2 Ra5 17. c4 Be7 18. O-O-O Bf6 19. Rhe1 Kf7 20. Bb2 Nxc5 21. Nf1 e4 22. Bxf6 gxf6 23. Bxc6 bxc6 24. Nd4 Bxc4 25. Nxc6 Rb5 26. Nd4 Rb6 27. Re3 Nd3+ 28. Kd2 Rd8 29. Kc3 Bxa2 0-1

[Event "28. Klatovy A 2022"]
[Site "Klatovy"]
[Date "2022.07.02"]
[Round "1.16"]
[White "Palek, Miroslav"]
[Black "Martirosyan, David"]
[Result "1/2-1/2"]
[WhiteElo "2125"]
[BlackElo "1826"]
[PlyCount "50"]
[EventDate "2022.07.02"]
[EventType "swiss"]
[EventRounds "9"]
[EventCountry "CZE"]

1. e4 e5 2. Nf3 Nf6 3. Nc3 Bb4 4. Nd5 Nxd5 5. exd5 O-O 6. Bc4 d6 7. O-O Bg4 8. h3 Bh5 9. Be2 f5 10. d4 Bxf3 11. Bxf3 Nd7 12. c3 Ba5 13. dxe5 Nxe5 14. Bf4 Qd7 15. Re1 Rae8 16. Bh5 Ng6 17. Bxg6 hxg6 18. Qd2 Bb6 19. b3 Re4 20. Rxe4 fxe4 21. Re1 Bxf2+ 22. Qxf2 g5 23. Rxe4 Qf5 24. Qe2 gxf4 25. c4 b6 1/2-1/2

[Event "28. Klatovy A 2022"]
[Site "Klatovy"]
[Date "2022.07.02"]
[Round "1.17"]
[White "Popov, Roman4"]
[Black "Kopriva, Martin"]
[Result "0-1"]
[WhiteElo "1826"]
[BlackElo "2124"]
[PlyCount "86"]
[EventDate "2022.07.02"]
[EventType "swiss"]
[EventRounds "9"]
[EventCountry "CZE"]

1. d4 g6 2. c4 Bg7 3. Nc3 d6 4. e4 Nf6 5. Nf3 O-O 6. Be2 e5 7. d5 a5 8. O-O Na6 9. Ne1 Nc5 10. f3 Nh5 11. Be3 f5 12. Nd3 Nxd3 13. Qxd3 f4 14. Bf2 Bf6 15. g4 fxg3 16. hxg3 Bh3 17. Rfe1 Qd7 18. Kh2 Bg5 19. Rh1 Rf7 20. Be3 Bxe3 21. Qxe3 Raf8 22. Nd1 Qc8 23. Nf2 Bd7 24. Kg2 b6 25. Nd3 Qd8 26. Raf1 Kh8 27. f4 exf4 28. gxf4 Nxf4+ 29. Nxf4 Rxf4 30. Rxf4 Qg5+ 31. Qg3 Qxf4 32. Qxf4 Rxf4 33. Bd3 Kg7 34. Re1 Kf6 35. Kg3 Rg4+ 36. Kf3 Ke5 37. Ke3 Rg3+ 38. Kd2 Kd4 39. Be2 Rg2 40. Kd1 h5 41. Rf1 h4 42. Rf7 Bg4 43. Bxg4 Rxg4 0-1

[Event "28. Klatovy A 2022"]
[Site "Klatovy"]
[Date "2022.07.02"]
[Round "1.18"]
[White "Lhotska, Anna"]
[Black "Borovsky, Ivan 1969"]
[Result "1-0"]
[WhiteElo "2113"]
[BlackElo "1813"]
[PlyCount "77"]
[EventDate "2022.07.02"]
[EventType "swiss"]
[EventRounds "9"]
[EventCountry "CZE"]

1. e4 c5 2. Nf3 d6 3. d4 cxd4 4. Nxd4 Nf6 5. Nc3 a6 6. Be3 e6 7. f3 Be7 8. Qd2 O-O 9. O-O-O b5 10. g4 Bb7 11. h4 b4 12. Nce2 d5 13. e5 Nfd7 14. f4 Nc6 15. Nxc6 Bxc6 16. Nd4 Bb7 17. h5 Bc5 18. g5 a5 19. g6 Bxd4 20. Bxd4 h6 21. gxf7+ Rxf7 22. Bd3 Nf8 23. Rdg1 Ba6 24. Bg6 Nxg6 25. Rxg6 Kh8 26. Rxe6 Bc8 27. Rd6 Qf8 28. Bc5 Qe8 29. Rg1 Bf5 30. Qxd5 Rc8 31. e6 Rfc7 32. Qxf5 Rxc5 33. Qg4 Rxc2+ 34. Kb1 Qf8 35. Rd7 g5 36. f5 R8c4 37. e7 Rxb2+ 38. Kxb2 Qf6+ 39. Kb1 1-0

[Event "28. Klatovy A 2022"]
[Site "Klatovy"]
[Date "2022.07.02"]
[Round "1.19"]
[White "Flajsman, Petr"]
[Black "Jirousek, Jan"]
[Result "1/2-1/2"]
[WhiteElo "1809"]
[BlackElo "2094"]
[PlyCount "86"]
[EventDate "2022.07.02"]
[EventType "swiss"]
[EventRounds "9"]
[EventCountry "CZE"]

1. e4 c6 2. d4 d5 3. exd5 cxd5 4. Bd3 Nc6 5. c3 Nf6 6. Ne2 e5 7. dxe5 Nxe5 8. Bf4 Nxd3+ 9. Qxd3 Be7 10. h3 O-O 11. Nd2 Re8 12. O-O Bd7 13. Nd4 Qb6 14. Rab1 Rad8 15. Kh1 h6 16. b4 Bf8 17. Rfe1 a6 18. g4 Bd6 19. Be3 Qc7 20. f3 Rc8 21. Rec1 Bf4 22. Bf2 Bg3 23. Be3 Re7 24. Nf1 Bf4 25. Bxf4 Qxf4 26. Re1 Rce8 27. Rxe7 Rxe7 28. Qd2 Qc7 29. Kg2 Qc4 30. Rc1 Re8 31. Ne3 Qc7 32. a3 Qf4 33. Nf1 Qe5 34. Kf2 Qc7 35. Kg2 Qe5 36. Kf2 Rc8 37. Re1 Qc7 38. Rc1 Ne8 39. Kg2 Nd6 40. Ne3 Nc4 41. Nxc4 dxc4 42. Re1 Qd6 43. Re2 Rd8 1/2-1/2

[Event "28. Klatovy A 2022"]
[Site "Klatovy"]
[Date "2022.07.02"]
[Round "1.20"]
[White "Hulin, Petr"]
[Black "Fiser, Jiri2"]
[Result "1-0"]
[WhiteElo "2090"]
[BlackElo "1800"]
[PlyCount "111"]
[EventDate "2022.07.02"]
[EventType "swiss"]
[EventRounds "9"]
[EventCountry "CZE"]

1. d4 f5 2. e4 fxe4 3. Nc3 Nf6 4. Bg5 c6 5. Bxf6 exf6 6. Nxe4 d5 7. Ng3 Bd6 8. Bd3 O-O 9. N1e2 Na6 10. c3 Be6 11. Qc2 h6 12. Nf5 Bxf5 13. Bxf5 Re8 14. O-O Nc7 15. Bh7+ Kh8 16. Bg6 Re7 17. Ng3 Bxg3 18. hxg3 Ne6 19. Rfe1 Nf8 20. Bh5 Rc8 21. Rxe7 Qxe7 22. Qd2 Kg8 23. Re1 Qd7 24. Qe3 Rc7 25. Qf4 g6 26. Bf3 Kg7 27. Bg4 Qf7 28. Qd6 Nh7 29. Bd1 Rd7 30. Qc5 a6 31. Bb3 Qf8 32. Qxf8+ Kxf8 33. Bc2 Kf7 34. f3 Nf8 35. Kf2 Re7 36. Rh1 Kg7 37. Bd3 Nd7 38. g4 Nb6 39. b3 Nc8 40. a4 a5 41. Rb1 Nd6 42. Rb2 Re8 43. Rb1 Kf7 44. Rh1 Kg7 45. Rc1 Kf7 46. c4 dxc4 47. bxc4 Nc8 48. c5 Ne7 49. Bc4+ Kg7 50. Re1 Kf8 51. Re6 f5 52. Rf6+ Kg7 53. Rf7+ Kh8 54. Be6 fxg4 55. Bd7 g3+ 56. Kf1 1-0

[Event "28. Klatovy A 2022"]
[Site "Klatovy"]
[Date "2022.07.02"]
[Round "1.21"]
[White "Lhotsky, Zdenek"]
[Black "Skola, Miroslav"]
[Result "1-0"]
[WhiteElo "1794"]
[BlackElo "2086"]
[PlyCount "71"]
[EventDate "2022.07.02"]
[EventType "swiss"]
[EventRounds "9"]
[EventCountry "CZE"]

1. e4 e6 2. d4 d5 3. Nc3 Bb4 4. e5 c5 5. a3 Bxc3+ 6. bxc3 Ne7 7. Nf3 Nbc6 8. Rb1 Qc7 9. Bd3 Bd7 10. h4 cxd4 11. cxd4 Nxd4 12. Nxd4 Qc3+ 13. Qd2 Qxd4 14. Qg5 f6 15. exf6 Qxf6 16. Qxf6 gxf6 17. Rxb7 Bc6 18. Bb5 Bxb5 19. Rxb5 Kf7 20. Be3 a6 21. Rb7 Rhb8 22. Rxb8 Rxb8 23. Kd2 Nc6 24. Bc5 Na5 25. Rh3 Rb5 26. Bb4 Nc4+ 27. Ke2 a5 28. Bd2 Rb2 29. Rc3 a4 30. Be3 Rb5 31. Bh6 Rb2 32. Be3 e5 33. Bc5 Ke6 34. Bb4 e4 35. f3 Ke5 36. Rxc4 1-0

[Event "28. Klatovy A 2022"]
[Site "Klatovy"]
[Date "2022.07.02"]
[Round "1.22"]
[White "Kupsa, Matej 2001"]
[Black "Boucek, Vlastimil 1968"]
[Result "1-0"]
[WhiteElo "2079"]
[BlackElo "1756"]
[PlyCount "47"]
[EventDate "2022.07.02"]
[EventType "swiss"]
[EventRounds "9"]
[EventCountry "CZE"]

1. d4 d5 2. Nf3 Nf6 3. Bg5 e6 4. e3 Be7 5. Nbd2 h6 6. Bh4 Nbd7 7. Bd3 O-O 8. O-O b6 9. c3 Bb7 10. Qe2 a6 11. Rad1 b5 12. Ne5 c5 13. f4 c4 14. Bb1 Nxe5 15. fxe5 Nd7 16. Bg3 f5 17. exf6 Nxf6 18. Be5 Qe8 19. g4 g5 20. Qg2 Qf7 21. Rf3 Bc6 22. Qf2 Kg7 23. Rf1 Rae8 24. h4 1-0

[Event "28. Klatovy A 2022"]
[Site "Klatovy"]
[Date "2022.07.02"]
[Round "1.23"]
[White "Kroulik, Vaclav"]
[Black "Kunc, Jan"]
[Result "1/2-1/2"]
[WhiteElo "1749"]
[BlackElo "2062"]
[PlyCount "66"]
[EventDate "2022.07.02"]
[EventType "swiss"]
[EventRounds "9"]
[EventCountry "CZE"]

1. e4 c6 2. Nf3 d5 3. Nc3 Bg4 4. h3 Bxf3 5. Qxf3 e6 6. exd5 cxd5 7. Bb5+ Nc6 8. O-O Nf6 9. d3 Bd6 10. Bg5 O-O 11. Bxc6 bxc6 12. Ne2 Rb8 13. Rab1 Be7 14. Rfe1 Qa5 15. Nd4 Rfc8 16. Qe2 Qc7 17. c3 c5 18. Nf3 h6 19. Bh4 Bd6 20. Ne5 Bxe5 21. Qxe5 Qxe5 22. Rxe5 c4 23. Bxf6 gxf6 24. Re3 Rc6 25. dxc4 Rxc4 26. Ree1 Kf8 27. Kf1 Ke7 28. Ke2 Re4+ 29. Kd2 Rxe1 30. Kxe1 f5 31. g3 Rg8 32. Ke2 Kd6 33. Ke3 Ke5 1/2-1/2

[Event "28. Klatovy A 2022"]
[Site "Klatovy"]
[Date "2022.07.02"]
[Round "1.24"]
[White "Gernert, Otakar"]
[Black "Hosnedl, Jiri"]
[Result "1/2-1/2"]
[WhiteElo "2039"]
[BlackElo "1744"]
[PlyCount "129"]
[EventDate "2022.07.02"]
[EventType "swiss"]
[EventRounds "9"]
[EventCountry "CZE"]

1. d4 c5 2. e3 e6 3. Nf3 d5 4. Be2 Nf6 5. O-O Nc6 6. b3 cxd4 7. exd4 Be7 8. c4 O-O 9. Nc3 Ne4 10. Bb2 Bf6 11. Rc1 Qa5 12. a3 a6 13. b4 Qd8 14. Re1 Nxc3 15. Bxc3 dxc4 16. Bxc4 b5 17. Bb3 Ne7 18. Ne5 Nd5 19. Bd2 Bb7 20. Qg4 Qd6 21. Rc5 Rac8 22. Qg3 Ne7 23. Bf4 Nf5 24. Qg4 Qxd4 25. Nxf7 Rxc5 26. bxc5 Bd5 27. Bxd5 Qxd5 28. Ng5 Bxg5 29. Qxg5 Nd4 30. Qxd5 exd5 31. Bd6 Rc8 32. Re5 Kf7 33. Rxd5 Ne6 34. Kf1 Rd8 35. Re5 Kf6 36. Re3 Rc8 37. Rf3+ Kg6 38. Rc3 Rc6 39. f3 a5 40. g3 b4 41. axb4 axb4 42. Rb3 Nxc5 43. Bxc5 Rxc5 44. Rxb4 Rc2 45. h4 Ra2 46. Re4 Rb2 47. Re2 Rb3 48. Kg2 Rb1 49. g4 Kf7 50. Ra2 Rc1 51. h5 h6 52. Kg3 Rc4 53. Re2 Rb4 54. Re4 Rb3 55. Rf4+ Kg8 56. Rf5 Rb1 57. f4 Rg1+ 58. Kf3 Rf1+ 59. Kg2 Rb1 60. g5 hxg5 61. fxg5 Kh7 62. Kg3 Rg1+ 63. Kf4 Rh1 64. Kg4 Rg1+ 65. Kf4 1/2-1/2

[Event "28. Klatovy A 2022"]
[Site "Klatovy"]
[Date "2022.07.02"]
[Round "1.25"]
[White "Rerabek, Jaroslav"]
[Black "Turner, Radek"]
[Result "0-1"]
[WhiteElo "1721"]
[BlackElo "2032"]
[PlyCount "77"]
[EventDate "2022.07.02"]
[EventType "swiss"]
[EventRounds "9"]
[EventCountry "CZE"]

1. e4 Nf6 2. Nc3 d5 3. exd5 Nxd5 4. Qf3 Nxc3 5. dxc3 Nd7 6. Bf4 e5 7. Bg3 Bd6 8. O-O-O O-O 9. h4 Nf6 10. Be2 Qe7 11. Qe3 Ng4 12. Bxg4 Bxg4 13. f3 Bf5 14. Bf2 Be6 15. Kb1 a5 16. h5 f5 17. Bh4 Qf7 18. Nh3 Bxa2+ 19. Ka1 a4 20. Ng5 Qc4 21. Qd3 Qxd3 22. cxd3 Bb3 23. Rde1 h6 24. Nh3 a3 25. Bf2 Bc2 26. d4 e4 27. b4 Bd3 28. f4 a2 29. Be3 Ra3 30. Kb2 Rfa8 31. Ra1 Bc4 32. Nf2 Rb3+ 33. Kc2 Raa3 34. Nd1 Bd3+ 35. Kd2 Rb1 36. Nf2 Rb2+ 37. Kc1 Rc2+ 38. Kd1 Raxc3 39. Bd2 0-1